| Tag |
First Indicator |
Second Indicator |
Subfields |
| LEADER |
00000cam a2200000 4500 |
| 001 |
in00000047424 |
| 005 |
20151007071458.0 |
| 008 |
800603s1892 dk a 00010 dan d |
| 035 |
|
|
|a (OCoLC)06384933
|
| 035 |
|
|
|9 AAE6046AM
|
| 040 |
|
|
|a TXA
|c TXA
|d UtOrBLW
|
| 049 |
|
|
|a TXAM
|c [79419]
|
| 090 |
|
|
|a QK711
|b .J64 1892
|
| 092 |
|
|
|a 581.1
|b J65
|
| 100 |
1 |
|
|a Johannsen, W.
|
| 245 |
1 |
0 |
|a Laerebog i plantefysiologi :
|b med henblik paa plantedyrkningen /
|c af W. Johannsen.
|
| 264 |
|
1 |
|a Kjobenhawn :
|b P.G. Philipsen,
|c 1892.
|
| 300 |
|
|
|a 360 pages :
|b illustrations tables.
|
| 336 |
|
|
|a text
|b txt
|2 rdacontent
|
| 337 |
|
|
|a unmediated
|b n
|2 rdamedia
|
| 338 |
|
|
|a volume
|b nc
|2 rdacarrier
|
| 650 |
|
0 |
|a Plant physiology.
|
| 999 |
|
|
|a MARS
|
| 999 |
f |
f |
|s f44bb191-9777-3f45-a0b6-e5d1b205e51c
|i 3a1d0175-dfaa-309e-bb01-300fcec1040c
|t 0
|
| 952 |
f |
f |
|p ric
|a Texas A&M University
|b Rellis Campus
|c Joint Library Facility
|d Remote Storage
|t 0
|e QK711 .J64 1892
|h Library of Congress classification
|i unmediated -- volume
|m A14800986473
|
| 998 |
f |
f |
|a QK711 .J64 1892
|t 0
|l Remote Storage
|